Industrial experience of trade-school girls in Massachusetts. (Record no. 35531)
[ view plain ]
| 000 -LEADER | |
|---|---|
| fixed length control field | 00995cam a22002891 4500 |
| 001 - CONTROL NUMBER | |
| control field | l 18000004 |
| 003 - CONTROL NUMBER IDENTIFIER | |
| control field | DLC |
| 005 - DATE AND TIME OF LATEST TRANSACTION | |
| control field | 20260227111527.0 |
| 008 - FIXED-LENGTH DATA ELEMENTS--GENERAL INFORMATION | |
| fixed length control field | 821021s1917 dcu 000 0 eng |
| 010 ## - LIBRARY OF CONGRESS CONTROL NUMBER | |
| LC control number | l 18000004 |
| 035 ## - SYSTEM CONTROL NUMBER | |
| System control number | (OCoLC)29099681 |
| 040 ## - CATALOGING SOURCE | |
| Original cataloging agency | DLC |
| Transcribing agency | MnU |
| Modifying agency | DLC |
| 043 ## - GEOGRAPHIC AREA CODE | |
| Geographic area code | n-us-ma |
| 050 00 - LIBRARY OF CONGRESS CALL NUMBER | |
| Classification number | HD8051 |
| Item number | .A5 no. 215 |
| 110 2# - MAIN ENTRY--CORPORATE NAME | |
| Corporate name or jurisdiction name as entry element | Women's Educational and Industrial Union, Boston. |
| Subordinate unit | Department of Research. |
| 245 00 - TITLE STATEMENT | |
| Title | Industrial experience of trade-school girls in Massachusetts. |
| 260 ## - PUBLICATION, DISTRIBUTION, ETC. | |
| Place of publication, distribution, etc. | Washington, |
| Name of publisher, distributor, etc. | Govt. print. off., |
| Date of publication, distribution, etc. | 1917. |
| 300 ## - PHYSICAL DESCRIPTION | |
| Extent | 275 p. |
| Dimensions | 24 cm. |
| 650 #0 - SUBJECT ADDED ENTRY--TOPICAL TERM | |
| Topical term or geographic name entry element | Technical education |
| Geographic subdivision | Massachusetts. |
| 650 #0 - SUBJECT ADDED ENTRY--TOPICAL TERM | |
| Topical term or geographic name entry element | Evening and continuation schools |
| Geographic subdivision | Massachusetts. |
| 650 #0 - SUBJECT ADDED ENTRY--TOPICAL TERM | |
| Topical term or geographic name entry element | Vocational guidance. |
| 650 #0 - SUBJECT ADDED ENTRY--TOPICAL TERM | |
| Topical term or geographic name entry element | Women |
| General subdivision | Employment |
| Geographic subdivision | Massachusetts. |
| 650 #0 - SUBJECT ADDED ENTRY--TOPICAL TERM | |
| Topical term or geographic name entry element | Clothing trade |
| Geographic subdivision | Massachusetts. |
| 700 1# - ADDED ENTRY--PERSONAL NAME | |
| Personal name | Allinson, May, |
| Dates associated with a name | 1880- |
| 700 1# - ADDED ENTRY--PERSONAL NAME | |
| Personal name | Kingsbury, Susan M. |
| Fuller form of name | (Susan Myra), |
| Dates associated with a name | 1870-1949. |
| 710 1# - ADDED ENTRY--CORPORATE NAME | |
| Corporate name or jurisdiction name as entry element | United States. |
| Subordinate unit | Bureau of Labor Statistics |
No items available.